000 00516nam a2200133 a 4500
008 120416s1978 ||||||||||||||||| || u
050 _aHG 229 Hir
100 _aGoldthorpe, John H
245 1 4 _aThe political economy of inflation
_cedited by Fred Hirsch
260 _aCambridge
_bHavard University Press
_c1978
300 _axi, 307p. : ill.
350 _a0.00
995 _D0.00
_FCBU-MAIN LIBRARY (Kitwe)
_H1
_I0.00
_M1
_UAVAILABLE
_ZMain Library Open Access Collection
999 _c53912
_d53912